| 000 -ლიდერი |
| ფიქსირებული სიგრძის საკონტროლო ველი |
01839nam a2200289Ia 4500 |
| 001 - საკონტროლო ნომერი |
| საკონტროლო ველი |
20284 |
| 003 - საკონტროლო ნომრის იდენტიფიკატორი |
| საკონტროლო ველი |
GE_BSU |
| 005 - ბოლო ოპერაციის თარიღი და დრო |
| საკონტროლო ველი |
20200821220228.0 |
| 008 - ფიქსირებული სიგრძის მონაცემთა ელემენტები - ზოგადი ინფორმაცია |
| ფიქსირებული სიგრძის საკონტროლო ველი |
181216s1941||||ge |||||||||||||| ||geo|| |
| 040 ## - კატალოგიზაციის წყარო |
| Transcribing agency |
GE_BSU |
| 041 ## - ენის კოდი |
| Language code of text/sound track or separate title |
geo |
| 080 ## - უნივერსალური ათობითი კლასიფიკაციის ინდექსი |
| Universal Decimal Classification number |
81'374.823=353.1=411.21=222.1 გ-69 |
| 100 ## - მთავარი ჩანაწერი - პიროვნების სახელი |
| Personal name |
გორგიჯანიძე, ფ. |
| 9 (RLIN) |
9276 |
| 245 ## - ცნობა სათაურის შესახებ |
| Title |
ქართულ-არაბულ-სპარსული ლექსიკონი / |
| Statement of responsibility, etc |
წინასიტყვ. ავტ. და გამომც. ვ. ფუთურიძე ; რედ. გ. წერეთელი |
| 264 ## - წარმოების, გამოცემის, დისტრიბუციის და სხვა ცნობები |
| გამოცემის, წარმოების, დისტრიბუციის... ადგილი |
თბილისი : |
| გამოცემის, წარმოების, დისტრიბუციის... სახელწოდება |
საქ. სსრ მეცნ. აკად. გამ-ბა, |
| გამოცემის, წარმოების, დისტრიბუციის... თარიღი |
1941. |
| 300 ## - ფიზიკური აღწერა |
| Extent |
69გვ. ; 26სმ. |
| 500 ## - ზოგადი შენიშვნა |
| General note |
დამატებითი თავფურცელი რუსულ და ინგლისურ ენებზე ; წინასიტყვაობა ქართულ, რუსულ და ინგლისურ ენებზე |
| 504 ## - BIBLIOGRAPHY, ETC. NOTE |
| Bibliography, etc |
ბიბლიოგრაფია, წინასიტყვაობა, შენიშვნები, დანართი, საძიებლები : გვ. 44-68 |
| 653 ## - INDEX TERM--UNCONTROLLED |
| Uncontrolled term |
ქართულ-არაბულ-სპარსული ლექსიკონი |
| 653 ## - INDEX TERM--UNCONTROLLED |
| Uncontrolled term |
ქართული ენა |
| 700 ## - ADDED ENTRY--PERSONAL NAME |
| Personal name |
ფუთურიძე, ვ. |
| Relator term |
წინასიტყვაობის ავტორი და გამომცემელი |
| 9 (RLIN) |
9277 |
| 700 ## - ADDED ENTRY--PERSONAL NAME |
| Personal name |
წერეთელი, გ. |
| Relator term |
რედაქტორი |
| 9 (RLIN) |
9278 |
| 710 ## - ADDED ENTRY--CORPORATE NAME |
| Corporate name or jurisdiction name as entry element |
საქართველოს სსრ მეცნიერბათა აკადემია |
| 9 (RLIN) |
9279 |
| 710 ## - ADDED ENTRY--CORPORATE NAME |
| Corporate name or jurisdiction name as entry element |
ენის ინსტიტუტი |
| 9 (RLIN) |
8135 |
| 942 ## - ADDED ENTRY ELEMENTS (KOHA) |
| Koha item type |
წიგნი |
| Source of classification or shelving scheme |
|